Jin Xing'an and the first farmers' book house (Record no. 588442)

000 -LEADER
fixed length control field 00385nam a22001337a 4500
020 ## - INTERNATIONAL STANDARD BOOK NUMBER
International Standard Book Number 9787508538761
082 ## - DEWEY DECIMAL CLASSIFICATION NUMBER
Classification number 808.02
Author Mark CHA 2019
100 ## - MAIN ENTRY--PERSONAL NAME
Personal name Li Chaoquan
245 ## - TITLE STATEMENT
Title Jin Xing'an and the first farmers' book house
Statement of responsibility, etc. Li Chaoquan
260 ## - PUBLICATION, DISTRIBUTION, ETC.
Place of publication, distribution, etc. Beijing
Name of publisher, distributor, etc. China Intercontinental press
300 ## - PHYSICAL DESCRIPTION
Extent 189p
942 ## - ADDED ENTRY ELEMENTS (KOHA)
Source of classification or shelving scheme
Koha item type Book
Holdings
Withdrawn status Lost status Source of classification or shelving scheme Damaged status Not for loan Permanent Location Current Location Shelving location Date acquired Total Checkouts Full call number Barcode Date last seen Price effective from Koha item type
          Centre for International Peace & Stability (CIPS) Centre for International Peace & Stability (CIPS) General Stacks 03/01/2022   808.02 CHA 2019 CIPSD0000644 03/01/2022 03/01/2022 Book
© 2023 Central Library, National University of Sciences and Technology. All Rights Reserved.